000 00331nam a2200121Ia 4500
008 220217s9999||||xx |||||||||||||| ||und||
082 _a540 PRA
100 _aPrakash, Jai B.S
245 0 _aChemistry for engineering students
260 _aSubhas Publications
_bBengaluru
_c2018
300 _a276p.
_b240
650 _aCHEMISTRY
999 _c188260
_d188260